| 000 | 01489nem0a2200337 4500 | ||
|---|---|---|---|
| 001 | RU\NLR\BIBL_A\011805906 | ||
| 005 | 20250626133256.0 | ||
| 010 |
_a978-5-699-87800-0 _d3 000 экз. |
||
| 021 |
_aRU _bКА-П-18-000057 |
||
| 035 | _a(NLR Aleph) 011805906 | ||
| 090 |
_a11891486 _c11891486 |
||
| 100 | _a20180928d2018 |||y0rusy50 ca | ||
| 101 | 0 | _arus | |
| 102 | _aRU | ||
| 120 | _abyy xx|| | ||
| 123 | 1 |
_aа _b80000 |
|
| 200 | 1 |
_aАвтомобильная карта Санкт-Петербурга с развязками _bКарты _gАвт.-сост.: С. Деев. |
|
| 206 | _a1:80 000; 800 м в 1 см | ||
| 210 |
_aМосква _cЭксмо _d2018 |
||
| 215 |
_a1 к. _cцв., указ. _d70х100 см., слож. 25х11 см |
||
| 327 | 1 | _aДоп. карты: Мосты и развязки центра СПб.- 1:20 000; Схема основных автомагистралей. | |
| 509 | 0 | 1 |
_7ca _aСанкт-Петербург, _hгород _92633321 _3RU\NLR\auth_crt\55138 |
| 606 | 1 |
_aАвтомобильные дороги _jКарты _9891147 _3RU\NLR\AUTH\661994 |
|
| 607 |
_aСанкт-Петербург, город _jКарты _91114348 _3RU\NLR\AUTH\66440586 |
||
| 608 |
_aКарты автомобильных дорог _92294011 _3RU\NLR\AUTH\6601600943 |
||
| 608 |
_aПланы городов _91238803 _3RU\NLR\AUTH\66188402 |
||
| 702 | 0 |
_aДеев _bС. _4070 |
|
| 852 |
_aNLR _bК _j4-Л 4/623 _m18-57 |
||
| 942 | _cMAP | ||
| 980 | _aNB | ||